Tunnista eläimet kunnanvaakunoista - Statistics

Yleistilastot
  • Tätä visaa on pelattu 133 kertaa
  • Keskiarvotulos 56 / 74
Vastaustilastot
Kuvavisa Hint Vastaus % Oikein
Eura karhu
98%
Ilmajoki karhu
98%
Isokyrö karhu
98%
Kauhajoki karhu
98%
Kontiolahti karhu
98%
Lapua karhu
98%
Pori karhu
98%
Pudasjärvi karhu
98%
Hirvensalmi hirvi
95%
Hollola hirvi
95%
Mäntsälä hirvi
95%
Siikalatva joutsen
93%
Heinola ilves
92%
Janakkala ilves
92%
Kauniainen orava
92%
Laihia orava
92%
Kivijärvi kukko
89%
Laitila kukko
89%
Kemi lohi
89%
Keminmaa lohi
89%
Muhos lohi
89%
Oulu lohi
89%
Pyhtää lohi
89%
Kangasala kotka
88%
Kotka kotka
88%
Kumlinge kotka
88%
Brandö lokki | kala
87%
Kuusamo poro
86%
Marttila hevonen
85%
Orimattila hevonen
85%
Oripää hevonen
85%
Raahe hevonen
85%
Raisio hevonen
85%
Pietarsaari leijona
85%
Kyyjärvi käärme
84%
Inari siika
80%
Siikainen siika
80%
Siikajoki siika
80%
Oulainen rapu
78%
Perho perhonen
77%
Multia muurahainen
76%
Sipoo susi
73%
Huittinen härkä
72%
Joroinen härkä
72%
Geta pukki
70%
Pukkila pukki
70%
Kittilä ahma
69%
Uusikaupunki hauki
69%
Evijärvi kala
69%
Kökar kala
69%
Lumparland kala
69%
Vantaa kala
69%
Vöyri kala
69%
Tervola kurki
67%
Vesilahti kurki
67%
Äänekoski kurki
67%
Ii Hylje
61%
Luhanka mäyrä
61%
Polvijärvi hanhi
60%
Pyhäjoki hanhi
60%
Liminka kärppä
60%
Föglö sorsa
56%
Kempele sorsa
56%
Kuortane kuha
54%
Orivesi ori
53%
Nokia näätä
51%
Tuusniemi teeri
47%
Enontekiö riekko
45%
Ruovesi lahna
42%
Jämijärvi pääskynen
39%
Kiuruvesi kiuru
37%
Viitasaari muikku
33%
Sauvo naakka
26%
Luumäki karju
11%
Ehtoja vastaavia visoja ei löytynyt
Tulosjakauma
Jokaisen tuloksen saaneiden osuus
Persentiili vastausten määrän mukaan
Tuloshistoriasi
Et ole pelannut tätä visaa